000
00282nam a22001217a 4500
020
_a
2-86334-079-3
082
_a
530.07 PHY'G
100
_a
GRUNHAUS, JACOB
_9
67914
245
_a
PHYSICS IN COLLISION
260
_a
FRANCE
_b
EDITIONS FRONTIERES
_c
1990
300
_a
486P
942
_c
BK
999
_c
575598
_d
575598